|
|
|
|
| LEADER |
01235nam a2200313 a 4500 |
| 001 |
000483797 |
| 003 |
CZ BrMZK |
| 005 |
20080425090314.0 |
| 007 |
ta |
| 008 |
000115s2000 xo e p slo d |
| 020 |
|
|
|a 80-225-1240-0
|
| 040 |
|
|
|a BOA001
|b cze
|
| 072 |
|
7 |
|a 658
|x Řízení a správa podniku
|2 Konspekt
|9 4
|
| 072 |
|
7 |
|a 37.016
|x Učební osnovy. Vyučovací předměty. Učebnice
|2 Konspekt
|9 22
|
| 080 |
|
|
|a 658.114
|2 MRF
|
| 080 |
|
|
|a (075.8)
|2 MRF
|
| 100 |
1 |
|
|a Sršňová, Jana,
|d 1943-
|7 xx0057106
|4 aut
|
| 245 |
1 |
0 |
|a Medzinárodné podnikanie :
|b multinacionálne podniky /
|c Jana Sršňová
|
| 250 |
|
|
|a 1. vyd.
|
| 260 |
|
|
|a Bratislava :
|b Ekonóm,
|c 2000
|
| 300 |
|
|
|a 189 s. :
|b il. ;
|c 21 cm
|
| 500 |
|
|
|a Určeno pro posl. obch. fak. - Vyd. Ekon. univ. v Bratislavě. - Bibliogr.
|
| 541 |
|
|
|a Bratislava, Centrum vedecko-technických informácií SR
|
| 650 |
0 |
7 |
|a podnikání
|7 ph115766
|x mezinárodní kontext
|2 czenas
|
| 655 |
|
7 |
|a učebnice vysokých škol
|7 fd133772
|2 czenas
|
| 710 |
2 |
|
|a Ekonomická univerzita v Bratislave.
|b Obchodná fakulta
|7 mzk2002157194
|
| 910 |
|
|
|a BOA001
|b 2-1074.271
|
| 990 |
|
|
|a BK
|
| 996 |
7 |
|
|b 2610117157
|c 2-1074.271
|l MZK
|r Sklad / do 1 hodiny
|n 4
|p vým
|w 000483797
|u 000010
|a 1
|e BOA001
|j MZK50
|s A
|